| 000 | 00417nam a2200169Ia 4500 | ||
|---|---|---|---|
| 003 | GCL | ||
| 008 | 140319s9999 xx 000 0 eng d | ||
| 040 |
_aGCL / _cGCL |
||
| 082 | 0 | 4 |
_a956 _bY N |
| 100 | 1 | _aYAPP, M.E. | |
| 245 | 1 | 0 |
_aTHE NEAR EAST SINCE THE FIRST WORLD WAR / _cYAPP, M.E. |
| 260 |
_a[S.N] : _bLONGMAN ، _c1992 |
||
| 300 | _a526 P | ||
| 650 | 0 | 4 | _aHISTORY |
| 650 | 0 | 4 | _aMIDDLE EAST |
| 942 |
_2ddc _cBK |
||
| 999 |
_c17591 _d17591 |
||